[Event "Benidorm op-B"]
[Site "Benidorm"]
[Date "2022.12.08"]
[Round "6"]
[White "Suriya, SV."]
[Black "Sanabria Taskila, Jenny Maria"]
[Result "0-1"]
[WhiteElo "1455"]
[BlackElo "1852"]
[PlyCount "110"]
[EventDate "2022.12.03"]
[EventType "swiss"]
[EventRounds "9"]
[EventCountry "ESP"]
[SourceTitle "CBM 212 Extra"]
[Source "ChessBase"]
[SourceDate "2023.03.31"]
[SourceVersion "1"]
[SourceVersionDate "2023.03.31"]
[SourceQuality "1"]

1. e4 e5 2. Nf3 Nc6 3. d4 exd4 4. Bc4 Nf6 5. 0-0 d6 6. Nxd4 Nxd4 7. Qxd4 Be7 8. Nc3 0-0 9. h3 Be6 10. Nd5 Nxd5 11. exd5 Bf5 12. c3 Bf6 13. Qd1 a6 14. f4 Qd7 15. Bd3 Rae8 16. g4 Be4 17. Bxe4 Rxe4 18. Qd3 Rfe8 19. g5 Bd8 20. Bd2 c6 21. Rf3 Bb6+ 22. Kf1 Qf5 23. dxc6 Qc5 24. Kg2 Qxc6 25. Kg3 d5 26. Rd1 h6 27. Bc1 hxg5 28. fxg5 Bc7+ 29. Rf4 Bxf4+ 30. Bxf4 Re2 31. Qf3 Rxb2 32. Rf1 Rxa2 33. Be5 Qc5 34. Bc7 Qe3 35. Bb6 Qxg5+ 36. Qg4 Qxg4+ 37. hxg4 Ree2 38. Bd4 b5 39. Rf5 Rg2+ 40. Kf3 Rgc2 41. Kf4 Rf2+ 42. Bxf2 Rxf2+ 43. Ke5 Rxf5+ 44. gxf5 a5 45. Kxd5 a4 46. c4 bxc4 47. Kxc4 Kh7 48. Kb4 Kh6 49. f6 g5 50. Kxa4 g4 51. Kb4 g3 52. Kc5 g2 53. Kd6 g1Q 54. Ke7 Kg6 55. Kf8 Kxf6 0-1

[Event "ESP-chT CECLUB Div2"]
[Site "Linares"]
[Date "2022.08.26"]
[Round "6.5"]
[White "Sanchez Elena, Lucia"]
[Black "Sanabria Taskila, Jenny Maria"]
[Result "1/2-1/2"]
[WhiteElo "1863"]
[BlackElo "1866"]
[PlyCount "82"]
[EventDate "2022.08.22"]
[EventType "team-swiss"]
[EventRounds "7"]
[EventCountry "ESP"]
[SourceTitle "CBM 209 Extra"]
[Source "ChessBase"]
[SourceDate "2022.09.30"]
[SourceVersion "1"]
[SourceVersionDate "2022.09.30"]
[SourceQuality "1"]
[WhiteTeam "Villalba 64 Miscasa"]
[BlackTeam "Ebano Barrio Nuevo"]
[WhiteTeamCountry "ESP"]
[BlackTeamCountry "ESP"]

1. e4 c5 2. Nf3 d6 3. d4 cxd4 4. Nxd4 Nf6 5. Nc3 Nc6 6. Bg5 e6 7. Qd2 Be7 8. 0-0-0 0-0 9. f3 Nxd4 10. Qxd4 a6 11. g4 b5 12. h4 Bb7 13. Kb1 Rc8 14. Be3 Qa5 15. g5 b4 16. Ne2 Nd7 17. Ng3 d5 18. Qd2 Rfd8 19. Qf2 Nc5 20. Bd3 Na4 21. g6 Bf6 22. gxf7+ Kxf7 23. Bc1 Rc3 24. exd5 Bxd5 25. Qa7+ Rc7 26. Qxa6 Bxa2+ 27. Ka1 Qxa6 28. Bxa6 Ra8 29. Kxa2 Nc5 30. Rd6 Be5 31. Rb6 Bxg3 32. Rg1 Be5 33. Rg5 Bf6 34. Rxc5 Rxc5 35. Kb3 Bxh4 36. Bc4 Re5 37. Bf4 Re1 38. Bd2 Re5 39. Bf4 Re1 40. Bd2 Re5 41. Bf4 Re1 1/2-1/2

[Event "ESP-chT CECLUB Div2"]
[Site "Linares"]
[Date "2022.08.25"]
[Round "5.8"]
[White "Sanabria Taskila, Jenny Maria"]
[Black "Joglar Garcia, Maria"]
[Result "0-1"]
[WhiteElo "1866"]
[BlackElo "1862"]
[PlyCount "105"]
[EventDate "2022.08.22"]
[EventType "team-swiss"]
[EventRounds "7"]
[EventCountry "ESP"]
[SourceTitle "CBM 209 Extra"]
[Source "ChessBase"]
[SourceDate "2022.09.30"]
[SourceVersion "1"]
[SourceVersionDate "2022.09.30"]
[SourceQuality "1"]
[WhiteTeam "Ebano Barrio Nuevo"]
[BlackTeam "Covadonga Cultura"]
[WhiteTeamCountry "ESP"]
[BlackTeamCountry "ESP"]

1. e4 c5 2. Nf3 d6 3. d4 cxd4 4. Nxd4 Nf6 5. Nc3 Nc6 6. Bg5 Bd7 7. Qd2 Rc8 8. f4 Nxd4 9. Qxd4 Qa5 10. e5 dxe5 11. fxe5 e6 12. 0-0-0 Nd5 13. Nxd5 exd5 14. Qxd5 Qxd5 15. Rxd5 h6 16. Be3 a6 17. a3 Be6 18. Rd1 Be7 19. Be2 0-0 20. Bf3 b5 21. Be4 Rc7 22. Bb6 Rc4 23. Rd4 Bg5+ 24. Kb1 Bf4 25. Rxc4 Bxc4 26. Bd4 Re8 27. Bb7 Bxe5 28. Bxe5 Rxe5 29. Bxa6 Re2 30. Bb7 f5 31. Bf3 Rf2 32. Re1 g5 33. b3 g4 34. Bc6 Bf1 35. Re5 Bxg2 36. Bxb5 Be4 37. Bd3 Bxd3 38. cxd3 Rxh2 39. Rxf5 g3 40. Rf3 g2 41. Rg3+ Kf7 42. a4 Rh1+ 43. Kc2 g1Q 44. Rxg1 Rxg1 45. a5 Ke6 46. b4 Kd5 47. Kb3 Kc6 48. Kc4 Rc1+ 49. Kd4 Kb5 50. Kd5 Kxb4 51. d4 Kxa5 52. Ke6 Rd1 53. Kd5 0-1

[Event "ESP-ch U18"]
[Site "Salobrena"]
[Date "2021.07.28"]
[Round "4"]
[White "Sanabria Taskila, Jenny Maria"]
[Black "Felipo Martinez, Marcos"]
[Result "1-0"]
[WhiteElo "1946"]
[BlackElo "1787"]
[PlyCount "69"]
[EventDate "2021.07.26"]
[EventType "swiss"]
[EventRounds "9"]
[EventCountry "ESP"]
[SourceTitle "CBM 203 Extra"]
[Source "ChessBase"]
[SourceDate "2021.09.30"]
[SourceVersion "1"]
[SourceVersionDate "2021.09.30"]
[SourceQuality "1"]

1. e4 e5 2. Nf3 Nc6 3. Bb5 a6 4. Ba4 Nf6 5. 0-0 Bc5 6. c3 b5 7. Bb3 d6 8. a4 Bg4 9. d3 0-0 10. Be3 Bxe3 11. fxe3 Ne7 12. Qe1 Ng6 13. Nbd2 d5 14. exd5 Nxd5 15. Ne4 c6 16. c4 Nb6 17. a5 Nd7 18. c5 Qe7 19. Nfg5 Be6 20. Nxe6 fxe6 21. Qc3 Nf6 22. Nd6 Nd5 23. Qd2 Qg5 24. Rae1 Nh4 25. Ne4 Rxf1+ 26. Rxf1 Qxe3+ 27. Qxe3 Nxe3 28. Bxe6+ Kh8 29. Rf2 Ng6 30. g3 Rf8 31. Rxf8+ Nxf8 32. Bc8 Nd1 33. b3 Nb2 34. Nf2 b4 35. Kf1 1-0

[Event "ESP-ch U18"]
[Site "Salobrena"]
[Date "2020.08.21"]
[Round "7"]
[White "Sanabria Taskila, Jenny Maria"]
[Black "Fuentes Perez, Noe"]
[Result "1-0"]
[WhiteElo "1938"]
[BlackElo "2061"]
[PlyCount "43"]
[EventDate "2020.08.17"]
[EventType "swiss"]
[EventRounds "9"]
[EventCountry "ESP"]
[SourceTitle "CBM 197 Extra"]
[Source "ChessBase"]
[SourceDate "2020.09.30"]
[SourceVersion "1"]
[SourceVersionDate "2020.09.30"]
[SourceQuality "1"]

1. e4 c5 2. Nf3 e6 3. d4 cxd4 4. Nxd4 a6 5. Bd3 Qb6 6. Nb3 Qc7 7. 0-0 Nf6 8. Qe2 d6 9. c4 Be7 10. Nc3 b6 11. f4 Nbd7 12. Kh1 Bb7 13. Bd2 0-0 14. Nd4 g6 15. Rae1 Rfd8 16. f5 e5 17. fxg6 exd4 18. gxf7+ Kh8 19. Nd5 Bxd5 20. exd5 Ne5 21. Bg5 Nfg4 22. Bxe7 1-0

[Event "Liga Insular Gran Canaria 1a"]
[Site "Las Palmas"]
[Date "2019.04.27"]
[Round "6.2"]
[White "Sanabria Taskila, Jenny Maria"]
[Black "Monzon Aleman, Ayoze"]
[Result "1/2-1/2"]
[WhiteElo "1836"]
[BlackElo "1684"]
[PlyCount "96"]
[EventDate "2019.03.02"]
[EventType "team-tourn"]
[EventRounds "7"]
[EventCountry "ESP"]
[SourceTitle "EXT 2021"]
[Source "ChessBase"]
[SourceDate "2020.10.23"]
[SourceVersion "1"]
[SourceVersionDate "2020.10.23"]
[SourceQuality "1"]
[WhiteTeam "Telde Los Llanos"]
[BlackTeam "Grandama II"]
[WhiteTeamCountry "ESP"]
[BlackTeamCountry "ESP"]

1. e4 c6 2. d4 d5 3. e5 Bf5 4. Nf3 e6 5. Be2 Ne7 6. 0-0 h6 7. Nbd2 g5 8. Nb3 Ng6 9. Ne1 Nh4 10. Nd3 Nd7 11. a4 Rg8 12. g4 Be4 13. f3 Bg6 14. Be3 h5 15. Qd2 Be7 16. Rf2 Qc7 17. Qc3 hxg4 18. fxg4 Rh8 19. Kf1 f5 20. Nbc5 Bf7 21. Ke1 f4 22. Bc1 a5 23. Bd2 Ng6 24. Nxd7 Kxd7 25. Kd1 b6 26. b4 Rhb8 27. Bf1 c5 28. dxc5 bxc5 29. bxc5 Rc8 30. Rb1 Bxc5 31. Nxc5+ Qxc5 32. Rb7+ Ke8 33. Bb5+ Kf8 34. Qxc5+ Rxc5 35. Re2 d4 36. Rd7 Nxe5 37. Rxd4 Nxg4 38. Bd7 e5 39. Rd6 Rd8 40. Rd3 Ne3+ 41. Bxe3 fxe3 42. Rexe3 Ke7 43. Bb5 Rxd3+ 44. Rxd3 Rd5 45. Rxd5 Bxd5 46. Kd2 Kd6 47. Ke3 Kc5 48. c3 Bg2 1/2-1/2

[Event "Gran Canaria Cabildo op"]
[Site "Gran Canaria"]
[Date "2019.03.19"]
[Round "3"]
[White "Arutyunyan, Mikael"]
[Black "Sanabria Taskila, Jenny Maria"]
[Result "0-1"]
[WhiteElo "1262"]
[BlackElo "1836"]
[PlyCount "84"]
[EventDate "2019.03.12"]
[EventType "swiss"]
[EventRounds "7"]
[EventCountry "ESP"]
[SourceTitle "CBM 189 Extra"]
[Source "ChessBase"]
[SourceDate "2019.06.03"]
[SourceVersion "1"]
[SourceVersionDate "2019.06.03"]
[SourceQuality "1"]

1. e4 c5 2. Nf3 d6 3. d4 cxd4 4. Nxd4 Nf6 5. Nc3 Nc6 6. Bb5 Bd7 7. 0-0 e6 8. Bg5 Be7 9. Nxc6 bxc6 10. Bxf6 Bxf6 11. Bc4 Qc7 12. Qd2 0-0 13. Bb3 Rfd8 14. Rad1 Be8 15. Qe3 c5 16. Qg3 c4 17. Ba4 Bxc3 18. Bxe8 Be5 19. f4 Bxb2 20. Ba4 Qa5 21. Bc6 Qc5+ 22. Qf2 Qxc6 23. e5 dxe5 24. fxe5 Qb6 25. Rxd8+ Rxd8 26. Qxb6 axb6 27. g3 Bxe5 28. Rb1 g6 29. Kf1 Bd4 30. Rd1 Rd5 31. Rb1 Bc5 32. Ke1 Rh5 33. h4 Rd5 34. Kf1 Rd2 35. Rc1 c3 36. a4 Rh2 37. Rd1 Rxc2 38. Rd8+ Kg7 39. Rd1 Rf2+ 40. Ke1 c2 41. Ra1 Rh2 42. Rc1 Be3 0-1

[Event "Gran Canaria Cabildo op"]
[Site "Gran Canaria"]
[Date "2019.03.15"]
[Round "2"]
[White "Sanabria Taskila, Jenny Maria"]
[Black "Donate Villalba, Juan Francisco"]
[Result "0-1"]
[WhiteElo "1836"]
[BlackElo "2054"]
[PlyCount "114"]
[EventDate "2019.03.12"]
[EventType "swiss"]
[EventRounds "7"]
[EventCountry "ESP"]
[SourceTitle "CBM 189 Extra"]
[Source "ChessBase"]
[SourceDate "2019.06.03"]
[SourceVersion "1"]
[SourceVersionDate "2019.06.03"]
[SourceQuality "1"]

1. e4 e5 2. Nf3 Nc6 3. Bb5 Nf6 4. d3 Bc5 5. c3 d6 6. 0-0 0-0 7. Nbd2 a6 8. Bxc6 bxc6 9. h3 h6 10. Re1 Be6 11. Nf1 Nh5 12. Nxe5 Qh4 13. d4 dxe5 14. dxc5 Rad8 15. Qf3 f5 16. exf5 Rxf5 17. Re4 Qf6 18. Qe2 Bd5 19. Ra4 Rf8 20. Be3 Nf4 21. Bxf4 exf4 22. f3 Re5 23. Qd2 Qe7 24. Rxf4 Rxf4 25. Qxf4 Qxc5+ 26. Qd4 Qe7 27. c4 c5 28. Qd3 Bc6 29. Rd1 Qf7 30. Qc3 Re8 31. Re1 Rxe1 32. Qxe1 Qxc4 33. a3 Bb5 34. Ne3 Qd4 35. Qc3 Kf7 36. Kf2 Ke6 37. Qb3+ Kd6 38. Ke1 g6 39. Qd1 Bd3 40. Qd2 c4 41. Qb4+ Ke6 42. Qd2 h5 43. g4 Qf4 44. Qf2 h4 45. Kd2 Qd4 46. Kc1 Ke5 47. g5 Qf4 48. Kd1 Qxg5 49. Nxc4+ Bxc4 50. Qc5+ Bd5 51. Qxc7+ Kf5 52. Qc2+ Kf6 53. Qc3+ Qe5 54. Qd3 Be6 55. Qd8+ Kf7 56. Qxh4 Bb3+ 57. Kc1 Qe3+ 0-1

[Event "Gran Canaria Cabildo op"]
[Site "Gran Canaria"]
[Date "2019.03.12"]
[Round "1"]
[White "Gimenez Aldecocea, Jorge"]
[Black "Sanabria Taskila, Jenny Maria"]
[Result "0-1"]
[WhiteElo "1387"]
[BlackElo "1836"]
[PlyCount "50"]
[EventDate "2019.03.12"]
[EventType "swiss"]
[EventRounds "7"]
[EventCountry "ESP"]
[SourceTitle "CBM 189 Extra"]
[Source "ChessBase"]
[SourceDate "2019.06.03"]
[SourceVersion "1"]
[SourceVersionDate "2019.06.03"]
[SourceQuality "1"]

1. d4 Nf6 2. Bf4 e6 3. Nf3 c5 4. e3 Be7 5. c3 b6 6. Nbd2 0-0 7. Bd3 cxd4 8. cxd4 Nd5 9. Bg3 Ba6 10. Bxa6 Nxa6 11. 0-0 f5 12. h3 f4 13. exf4 Nxf4 14. Nc4 Qc8 15. Rc1 Qb7 16. a3 Nc7 17. Qd2 Nxh3+ 18. gxh3 Rxf3 19. Ne5 Rf5 20. Nxd7 Nd5 21. Ne5 Raf8 22. Rc6 Rxe5 23. Rfc1 Bg5 24. f4 Nxf4 25. Bxf4 Bxf4 0-1

[Event "Liga Insular Gran Canaria 1a"]
[Site "Las Palmas"]
[Date "2019.03.09"]
[Round "2.4"]
[White "Sanabria Taskila, Jenny Maria"]
[Black "Gonzalez Nocedo, Jaime"]
[Result "1-0"]
[WhiteElo "1836"]
[BlackElo "1536"]
[PlyCount "89"]
[EventDate "2019.03.02"]
[EventType "team-tourn"]
[EventRounds "7"]
[EventCountry "ESP"]
[SourceTitle "EXT 2021"]
[Source "ChessBase"]
[SourceDate "2020.10.23"]
[SourceVersion "1"]
[SourceVersionDate "2020.10.23"]
[SourceQuality "1"]
[WhiteTeam "Telde Los Llanos"]
[BlackTeam "Fundacion La Caja de Canarias II"]
[WhiteTeamCountry "ESP"]
[BlackTeamCountry "ESP"]

1. e4 c5 2. Nf3 g6 3. d4 Bg7 4. c4 cxd4 5. Nxd4 Nc6 6. Be3 Qa5+ 7. Nc3 Nf6 8. f3 0-0 9. Qd2 d6 10. Be2 Bd7 11. 0-0 a6 12. Rac1 Rac8 13. b3 Kh8 14. Rfd1 Nxd4 15. Bxd4 Nh5 16. Qe3 Bxd4 17. Rxd4 Bc6 18. Rc2 Kg8 19. Rcd2 Qc5 20. Nd5 e5 21. R4d3 Bxd5 22. Qxc5 Rxc5 23. Rxd5 Rxd5 24. Rxd5 Nf4 25. Rd2 Nxe2+ 26. Rxe2 Rd8 27. Rd2 Kf8 28. Kf2 Ke7 29. Ke3 f6 30. Rd5 Rc8 31. Rd2 Rc5 32. Kd3 a5 33. a3 Rc8 34. Kc3 b5 35. Rd5 bxc4 36. bxc4 Ra8 37. Kb3 Rb8+ 38. Rb5 Rxb5+ 39. cxb5 Kd7 40. Ka4 f5 41. Kxa5 Kc8 42. Kb4 f4 43. a4 g5 44. Kc4 h5 45. h3 1-0

[Event "Wch U16 Girls"]
[Site "Porto Carras"]
[Date "2018.10.27"]
[Round "8"]
[White "Sanabria Taskila, Jenny Maria"]
[Black "Serikbay, Assel"]
[Result "0-1"]
[WhiteElo "1728"]
[BlackElo "2166"]
[PlyCount "82"]
[EventDate "2018.10.20"]
[EventType "swiss"]
[EventRounds "11"]
[EventCountry "GRE"]
[SourceTitle "CBM 187 Extra"]
[Source "ChessBase"]
[SourceDate "2018.11.04"]
[SourceVersion "1"]
[SourceVersionDate "2018.11.04"]
[SourceQuality "1"]

1. e4 c5 2. Nf3 e6 3. d4 cxd4 4. Nxd4 a6 5. c4 Nf6 6. Nc3 Qc7 7. Be2 b6 8. 0-0 Bb7 9. Qd3 d6 10. f4 Nbd7 11. b4 Rc8 12. Be3 Be7 13. Rac1 0-0 14. a3 Qb8 15. g4 Rfd8 16. g5 Ne8 17. Bg4 Nc7 18. Qe2 Bf8 19. f5 Re8 20. Rf3 Ne5 21. Rh3 g6 22. Bf4 Nxg4 23. Qxg4 Bg7 24. Nce2 exf5 25. exf5 Ba8 26. f6 Bf8 27. Nf5 h5 28. gxh6 Kh7 29. Ne3 Qb7 30. Qd7 Ne6 31. Qxb7 Bxb7 32. Ng4 Nxf4 33. Nxf4 Re4 34. Rf1 Rcxc4 35. Rhf3 g5 36. Ne3 Rxf4 37. Nxc4 Bxf3 38. Nxb6 Bxh6 39. Nd7 g4 40. Re1 Rd4 41. Re7 Kg6 0-1

[Event "Wch U16 Girls"]
[Site "Porto Carras"]
[Date "2018.10.26"]
[Round "7"]
[White "Sanabria Taskila, Jenny Maria"]
[Black "Miroshnik, Ekaterina"]
[Result "1-0"]
[WhiteElo "1728"]
[BlackElo "2023"]
[PlyCount "95"]
[EventDate "2018.10.20"]
[EventType "swiss"]
[EventRounds "11"]
[EventCountry "GRE"]
[SourceTitle "CBM 187 Extra"]
[Source "ChessBase"]
[SourceDate "2018.11.04"]
[SourceVersion "1"]
[SourceVersionDate "2018.11.04"]
[SourceQuality "1"]

1. e4 e6 2. d4 d5 3. Nd2 Nf6 4. e5 Nfd7 5. f4 c5 6. c3 Nc6 7. Ndf3 Be7 8. a3 a5 9. b3 cxd4 10. cxd4 Nb6 11. Bd3 Bd7 12. Ne2 Na7 13. Nc3 Rc8 14. Bd2 0-0 15. h4 g6 16. Ng5 a4 17. Qg4 h5 18. Qd1 Kg7 19. g4 Rh8 20. f5 exf5 21. gxf5 f6 22. e6 fxg5 23. exd7 Rc6 24. Qf3 g4 25. Qf2 Rf8 26. 0-0-0 gxf5 27. Rde1 Qxd7 28. Re5 Qc7 29. Kb2 axb3 30. Nxd5 Nxd5 31. Rxd5 Ra6 32. Rxf5 Bxa3+ 33. Kb1 Be7 34. Rxf8 Bxf8 35. Qf5 Kg8 36. Bxa6 bxa6 37. Rf1 Bg7 38. Qd5+ Kh8 39. Qxh5+ Kg8 40. Qd5+ Kh8 41. Qxb3 Nb5 42. Rf5 Na3+ 43. Qxa3 Qb6+ 44. Kc1 Qc6+ 45. Rc5 Qh1+ 46. Kc2 Qe4+ 47. Qd3 Qe8 48. Qxa6 1-0

[Event "Canarias-ch (Women)"]
[Site "Santa Cruz de Tenerife"]
[Date "2018.05.13"]
[Round "6"]
[White "Barrera Martin, Nayra"]
[Black "Sanabria Taskila, Jenny Maria"]
[Result "0-1"]
[WhiteElo "1619"]
[BlackElo "1634"]
[PlyCount "102"]
[EventDate "2018.05.10"]
[EventType "swiss"]
[EventRounds "6"]
[EventCountry "ESP"]
[SourceTitle "EXT 2020"]
[Source "ChessBase"]
[SourceDate "2019.10.17"]
[SourceVersion "1"]
[SourceVersionDate "2019.10.17"]
[SourceQuality "1"]

1. e4 c5 2. Nf3 d6 3. d4 cxd4 4. Qxd4 a6 5. c4 Nc6 6. Qd1 Bg4 7. Be2 g6 8. h3 Bd7 9. Nc3 Bg7 10. 0-0 Ne5 11. Nxe5 Bxe5 12. Be3 Bc6 13. Nd5 Rc8 14. Bb6 Qd7 15. Bg4 e6 16. Nc3 Bg7 17. Qd3 Nf6 18. Bf3 0-0 19. Rad1 Ne8 20. c5 Be5 21. Be2 Bxc3 22. bxc3 d5 23. exd5 Qxd5 24. Qxd5 Bxd5 25. c4 Bc6 26. Rd2 Nf6 27. Rfd1 Ba4 28. Rb1 e5 29. f3 Nh5 30. Bd1 Bc6 31. Bc2 f5 32. Re1 Rfe8 33. Rd6 Nf4 34. Kf2 Kf7 35. Ba5 Re7 36. Bc3 Rce8 37. Kg3 Nh5+ 38. Kh4 e4 39. g4 Nf4 40. Rf6+ Kg8 41. gxf5 Ng2+ 42. Kg3 Nxe1 43. Bxe1 exf3 44. Bf2 gxf5 45. Bxf5 Rf8 46. Rxf8+ Kxf8 47. Kh4 Re2 48. Kg3 h5 49. h4 Kf7 50. a3 Ra2 51. Be1 Rg2+ 0-1